Progressive rock - top 20 albums - Statistics

General Stats
  • This quiz has been taken 496 times
    490 since last reset
  • The average score is 12 of 20
Answer Stats
# Year Band Album % Correct
7 1973 Pink Floyd Dark Side of the Moon
95%
9 1977 Pink Floyd Animals
88%
4 1975 Pink Floyd Wish You Were Here
87%
5 1969 King Crimson In the Court of the Crimson King
84%
1 1972 Yes Close to the Edge
82%
11 1971 Yes Fragile
76%
8 1974 King Crimson Red
75%
2 1973 Genesis Selling England By The Pound
75%
3 1972 Jethro Tull Thick as a Brick
75%
15 1981 Rush Moving Pictures
70%
6 1972 Genesis Foxtrot
66%
12 1971 Genesis Nursery Cryme
56%
20 1978 Rush Hemispheres
51%
16 1974 Camel Mirage
50%
13 1973 King Crimson Larks' Tongues in Aspic
48%
14 1971 Van Der Graaf Generator Pawn Hearts
34%
19 1976 Camel Moonmadness
30%
10 1975 Van Der Graaf Generator Godbluff
25%
17 1972 Premiata Forneria Marconi Per Un Amico
17%
18 1992 Änglagård Hybris
11%
No matching quizzes found
Score Distribution
Percent of People with Each Score
Percentile by Number Answered
Your Score History
You have not taken this quiz since the last reset